| 000 | 01943cam a2200337 a 4500 | ||
|---|---|---|---|
| 001 | 14553050 | ||
| 005 | 20221122121846.0 | ||
| 008 | 060915s2007 flua b 001 0 eng | ||
| 010 | _a 2006049297 | ||
| 020 | _a1584884762 (alk. paper) | ||
| 020 | _a1420010417 | ||
| 020 | _a9781584884767 | ||
| 035 | _a(OCoLC)ocm71552460 | ||
| 035 | _a(OCoLC)71552460 | ||
| 040 |
_aDLC _cDLC _dBAKER _dC#P _dYDXCP _dDLC |
||
| 050 | 0 | 0 |
_aQA372 _b.S925 2007 |
| 082 | 0 | 0 |
_a515.352,SWI _222 |
| 100 | 1 |
_aSwift, Randall J. _9103328 |
|
| 245 | 1 | 2 |
_aA course in ordinary differential equations / _cRandall J. Swift, Stephen A. Wirkus. |
| 260 |
_aBoca Raton, FL : _bChapman & Hall/CRC, _cc2007. |
||
| 300 |
_a667 p. : _bill. ; _c25 cm. |
||
| 505 | _aTraditional First order differential equations (Page-1), Geometrical and Numerical Methods for First Order (Page-81), Elements of Higher Order Linear Equations (Page-153), Techniques of higher order linera equations (Page-201), Fundamentals of systems of defferential Equations (Page-287), Techniques of systems of differential equations (Page-353), Laplace Transforms (Page-427), Series Methods (Page-489), An Introduction to Matlab, Maple and Mathematica (Page-565), Graphing Factored Polynomianls (Page-585), Answer to Selected Exercises (Page-631). | ||
| 650 | 0 |
_aDifferential equations. _9688 |
|
| 650 | 0 |
_aDifferential equations, Linear. _910942 |
|
| 700 | 1 |
_aWirkus, Stephen Allen, _d1971- _9103329 |
|
| 856 | 4 | 1 |
_3Table of contents only _uhttp://www.loc.gov/catdir/toc/fy0708/2006049297.html |
| 856 | 4 | 2 |
_3Publisher description _uhttp://www.loc.gov/catdir/enhancements/fy0668/2006049297-d.html |
| 906 |
_a7 _bcbc _corignew _d1 _eocip _f20 _gy-gencatlg |
||
| 942 |
_2ddc _cBK _k515.352,SWI |
||
| 999 |
_c592459 _d592459 |
||